| 000 | 00359nam a2200145Ia 4500 | ||
|---|---|---|---|
| 008 | 200615s9999||||xx |||||||||||||| ||und|| | ||
| 020 | _a9789350141595 | ||
| 082 |
_a621.3 _bBAS-G |
||
| 100 | _aGUPTA,JB | ||
| 245 | 0 | _aBASIC ELECTRICAL AND ELECTRONICS ENGINEERING | |
| 250 | _a10TH | ||
| 260 |
_anew delhi _bKATSON BOOKS _c2017 |
||
| 300 | _a365 | ||
| 942 | _cBK | ||
| 999 |
_c29381 _d29381 |
||